US State by Political Party - Statistics

General Stats
  • This quiz has been taken 89 times
    50 since last reset
  • The average score is 34 of 50
Answer Stats
Question Answer % Correct
Alabama Republican
97%
New York Democrat
89%
Texas Republican
89%
Oregon Democrat
86%
Massachusetts Democrat
86%
Maryland Democrat
86%
Nebraska Republican
86%
Louisiana Republican
86%
South Dakota Republican
86%
Tennessee Republican
86%
Mississipi Republican
86%
Connecticut Democrat
83%
Rhode Island Democrat
83%
Arkansas Republican
83%
Kansas Republican
83%
Delaware Democrat
80%
New Jersey Democrat
80%
California Democrat
80%
Vermont Democrat
80%
Utah Republican
80%
North Dakota Republican
80%
Kentucky Republican
80%
South Carolina Republican
77%
Pennsylvania Swing
77%
Maine Democrat
74%
Washington Democrat
74%
Hawaii Democrat
74%
Idaho Republican
74%
Montana Republican
74%
Oklahoma Republican
74%
Illinois Democrat
71%
Missouri Republican
71%
Indiana Republican
71%
West Virginia Republican
71%
Wyoming Republican
71%
Alaska Republican
69%
Iowa Republican
63%
Michigan Swing
63%
Ohio Republican
54%
Wisconsin Swing
54%
Nevada Swing
54%
Arizona Swing
51%
Georgia Swing
46%
North Carolina Swing
37%
New Hampshire Swing
26%
Florida Swing
26%
Virginia Swing
14%
New Mexico Swing
11%
Minnesota Swing
11%
Colorado Swing
3%
No matching quizzes found
Score Distribution
Percent of People with Each Score
Percentile by Number Answered
Your Score History
You have not taken this quiz since the last reset